000 00887nam a22002897a 4500
001 BR7907415
003 BR-BrBNA
005 20230928090248.0
007 ta
008 230509b bl.||||| |||| 00| 0 por d
040 _aBR-BrBNA
_bpor
_cBiblioteca Nacional de Agricultura
041 _a(Por)
072 _aE30; C00
_b/G514
090 _ E30 BR7907415
110 1 _aServico Nacional de Formacao Profissional Rural, Brasilia, DF (Brasil)
_99371
245 1 _aAssistencia tecnica as acoes de formacao profissional rural [Brasil]
_bCol. 1: Formacao de Mao-de-Obra
260 3 _aBrasilia, DF (Brasil):
_c1979.
300 _a121 p.
500 _aNumerical data
650 _aPROJETO DE DESENVOLVIMENTO
650 _aASSISTENCIA TECNICA
650 _aTREINAMENTO
650 _aMAO-DE-OBRA
650 _aTRABALHADOR RURAL
909 _a202309
_bLucia
_c55
_dLucia Elande
942 _cBK
999 _c28232
_d28232